| 000 | 00348nam a22001217a 4500 | ||
|---|---|---|---|
| 020 | _a076453632X | ||
| 082 |
_222 _a005.44769 |
||
| 100 | _aCollings, Terry and Wall, Kurt. | ||
| 245 | _aRed hat linux networking and system, administration / | ||
| 260 |
_aNew York, _bM and T Books, _cc2002. |
||
| 300 |
_axxix, 633p. ; _bill. ; _c24 cm. |
||
| 942 |
_2ddc _cIT |
||
| 999 |
_c2054 _d2054 |
||